| 000 | 00703nam a22002177a 4500 | ||
|---|---|---|---|
| 999 |
_c3697 _d3697 |
||
| 003 | AR-CdUCM | ||
| 008 | 190307b ||||| |||| 00| 0 spa d | ||
| 040 |
_aMUNICIPALIDAD PROVINCIAL DEL CUSCO _cBIBLIOTECA MUNICIPAL DEL CUSCO |
||
| 082 |
_a818.5 / _bSA18 |
||
| 100 |
_aSalinger, D. J. _911989 |
||
| 245 | _aEl Cazador Oculto / | ||
| 260 |
_aBuenos Aires : _bCompañía General Fabril Editora ; _c1968. |
||
| 300 |
_a242 páginas ; _c17cm |
||
| 440 |
_aLos Libros del Mirasol _95811 |
||
| 505 | _aContenido: Novela | ||
| 650 |
_aNovela estadounidense _9448 |
||
| 650 |
_aLiteratura siglo XX _91173 |
||
| 700 |
_aMéndez de Andes, Manuel (traducción) _911990 |
||
| 942 |
_2ddc _cLIBROS |
||
| 945 | _anom | ||